000 00608nam a22001937a 4500
005 20250424164510.0
010 _aENG-144751
020 _a9788196935306
_c450.00
035 _aEN-128283
037 _bDBAD
082 _a500
245 _aTo the Point General Science & Environment/
_cEdited by N.N. Ojha
260 _aNoida
_bChronicle Publication
_c2024
270 _aA-27D, Sector 16
_bNoida
_e201301
_k0120-2514610/12
_minfo@chronicleindia.in
300 _a471 pages.
_c28cm(pb)
500 _aFor All Competitive Exams
700 _aOjha, N.N.
_977953
942 _2ddc
_cEN
_h500
_mGEN
999 _c209354
_d209354